jeux vidéos mal décris - Statistiques

Statistiques générales
  • Ce quiz a été pris 160 fois
  • Le résultat moyen est 3 sur 15
Statistiques - réponses
Description Réponse % Correct
Jeu multijoueur avec des armes lasers dans une célébre saga de George Lucas pour la 2eme fois Star wars battlefront 2
60%
Des trésors sont cahés dans ces mers bien gardée Sea of thieves
57%
un félin qui va sauvé et aider des robots. stray
38%
Une pelote de laine qui vit Unravel
31%
Des course uniquement sur circuit et des voitures appelés vision. Gran turismo
23%
un personnage roux qui tue des soldats blancs pour sauver des enfants Star wars jedi fallen order
18%
L'espace comme Open world ou vous devenez qui vous voulez Starfield
16%
Un personnage avec des cables dans la main dans et le futur Cyberpunk
14%
Au Colorado le rival est Darius flynt Forza horizon
14%
Un personnage de 3 mètres qui tue des humains pour sauver une planète. Avatar frontières de pandora
5%
La suite du plus recherchée en 2006 Need for speed Carbon
4%
Aiden Jackson dans l' écurie de Konorsport. F1 23 breaking point
3%
De la vitesse et du plastique orange Hot wheels unleashed
3%
Des legos lointains très lointains dans une saga Lego star wars : la saga skywalker
3%
Du nitro (protoxite d'azote) en pagaille et une vengance contre une mclaren P1 Need for speed payback
3%
Aucun quiz correspondant
Distribution des résultats
% des personnes avec chaque résultat
Percentile par nombre de réponses
Votre historique - résultats
Vous n’avez pas pris ce quiz